00721nam a2200205 a 450000500170000000800410001702000180005804100080007604400070008408200230009124501100011426000530022430000110027765000430028865000190033165000440035065100590039470000300045370000320048320200104041603.0140127b2007 ck ||||| |||| 00| 0 spa d a9789588343037 aspa ack04aIAVH-333.783bV72c aCaracterización biológica del Parque Nacional Natural El Tuparro (Sector Noroeste), Vichada, Colombia aBogotábInstituto Alexander von Humboldtc2007 a291 p. 4aParques nacionaleszVichada (Colombia) aFlora tropical 4aReservas forestaleszVichada (Colombia) 4aParque Nacional Natural El Tuparro (Vichada, Colombia) aVillarreal Leal, Héctor aMaldonado Ocampo, Javier A.